| 000 | 00359nam a2200133Ia 4500 | ||
|---|---|---|---|
| 005 | 20260328101500.0 | ||
| 008 | 260328s9999||||xx |||||||||||||| ||und|| | ||
| 100 | _aUsborne, David | ||
| 245 | 0 |
_aObjectivity : _b A Designer's Book of curious tools / _cDavid Usborne |
|
| 260 | _bThames & Hudson | ||
| 300 | _a191 p. | ||
| 650 | _aDISEÑO INDUSTRIAL | ||
| 942 | _cBK | ||
| 999 |
_c8936 _d8936 |
||